Demonyms of countries ( part 4 ) - Statistics

General Stats
  • This quiz has been taken 16 times
  • The average score is 14 of 15
Answer Stats
Hint Answer % Correct
Georgia Georgian
100%
Iraq Iraqi
100%
Jamaica Jamaican
100%
South Korea South Korean
100%
Bangladesh Bangladeshi
93%
Bolivia Bolivian
93%
Costa rica Costa Rican
93%
Denmark Danish
93%
Ireland Irish
93%
New Zealand New Zealander
93%
Peru Peruvian
93%
Serbia Serbian
93%
Uruguay Uruguayan
93%
Vietnam Vietnamese
93%
Panama Panamanian
64%
No matching quizzes found
Score Distribution
Percent of People with Each Score
Percentile by Number Answered
Your Score History
You have not taken this quiz